00826nmm a2200265 a 4500003000900000005001700009008004100026020001800067040001300085100003300098245006000131260003200191300003700223500003100260504003900291650002500330650001600355650003000371650002700401650003700428650002300465653002500488653001500513700003200528AR-BaBNM20251128210209.0139019s1995 ||||||||||||||000 | spa|| a84-7642-378-0 cAR-BaBNM1 aFerrer Manchón, Antonio M.10aLa tecnología de la información en el medio escolar aValenciabNAU Llibresc19950 a144 p.btablas, diagr., gráfs.0 aContiene anexos p. 114-144 aContiene bibliografía p. 108-113 4aTECNOLOGIA EDUCATIVA 4aINFORMACION 4aENSENANZA POR COMPUTADORA 4aPROCESO DE APRENDIZAJE 4aMATERIAL DE ENSENANZA PROGRAMADA 4aEDUCACION ESPECIAL 0aPSICOLOGIA COGNITIVA 0aMULTIMEDIA1 aAlcantud Marín, Francisco